[Event "AUT-ch Open 2020"]
[Site "Graz"]
[Date "2020.02.19"]
[Round "7.35"]
[White "Pasti, Aron"]
[Black "Paltrinieri, Nicholas"]
[Result "1-0"]
[WhiteElo "2247"]
[BlackElo "2247"]
[Annotator "NA"]
[PlyCount "67"]
[EventDate "2020.02.14"]
[EventType "swiss"]
[EventCountry "AUT"]
[SourceTitle "playchess.com"]
[Source "ChessBase"]
[SourceQuality "1"]
[TimeControl "40/5400+30:1800+30"]

1. e4 {[%emt 0:00:00]} e6 {[%emt 0:00:00]} 2. d4 {[%emt 0:00:00]} d5 {[%emt 0:00:00]} 3. Nc3 {[%emt 0:00:00]} Bb4 {[%emt 0:00:00]} 4. Bd2 {[%emt 0:00:00]} dxe4 {[%emt 0:05:54]} 5. Qg4 {[%emt 0:04:48]} Nf6 {[%emt 0:00:39]} 6. Qxg7 {[%emt 0:00:46]} Rg8 {[%emt 0:00:05]} 7. Qh6 {[%emt 0:00:04]} Qxd4 {[%emt 0:17:05]} 8. O-O-O {[%emt 0:01:38]} Rg6 {[%emt 0:02:58]} 9. Qh4 {[%emt 0:01:15]} Rg4 {[%emt 0:03:45]} 10. Qh6 {[%emt 0:03:30]} Bf8 {[%emt 0:11:39]} 11. Qxf8+ {[%emt 0:02:14]} Kxf8 {[%emt 0:00:05]} 12. Bh6+ {[%emt 0:00:06]} Ke8 {[%emt 0:00:51]} 13. Rxd4 {[%emt 0:00:42]} e5 {[%emt 0:00:05]} 14. Rd1 {[%emt 0:00:36]} Be6 {[%emt 0:00:14]} 15. Nge2 {[%emt 0:01:41]} c6 {[%emt 0:02:21]} 16. Ng3 {[%emt 0:02:58]} Ng8 {[%emt 0:03:16]} 17. Be3 {[%emt 0:04:02]} f5 {[%emt 0:00:06]} 18. f3 {[%emt 0:01:11]} Rg6 {[%emt 0:01:21]} 19. Bd2 {[%emt 0:02:14]} e3 {[%emt 0:00:05]} 20. Be1 {[%emt 0:00:20]} Ne7 {[%emt 0:01:39]} 21. Bd3 {[%emt 0:01:31]} Nd7 {[%emt 0:00:21]} 22. Nf1 {[%emt 0:03:19]} Nc5 {[%emt 0:04:37]} 23. Nxe3 {[%emt 0:01:00]} Nxd3+ {[%emt 0:00:08]} 24. cxd3 {[%emt 0:03:12]} f4 {[%emt 0:01:25]} 25. Nc4 {[%emt 0:00:58]} Bxc4 {[%emt 0:00:23]} 26. dxc4 {[%emt 0:00:03]} Rxg2 {[%emt 0:00:05]} 27. Ne4 {[%emt 0:01:23]} b5 {[%emt 0:10:56]} 28. Bb4 {[%emt 0:02:34]} bxc4 {[%emt 0:02:37]} 29. Nd6+ {[%emt 0:00:10]} Kd7 {[%emt 0:00:05]} 30. Nxc4+ {[%emt 0:01:03]} Nd5 {[%emt 0:00:01]} 31. Nxe5+ {[%emt 0:01:51]} Ke6 {[%emt 0:00:06]} 32. Nd3 {[%emt 0:01:35]} Rb8 {[%emt 0:00:11]} 33. Rd2 {[%emt 0:03:11]} Nxb4 {[%emt 0:00:36]} 34. Nxf4+ {[%emt 0:00:06] Kd5} 1-0

[Event "AUT-ch Open 2020"]
[Site "Graz"]
[Date "2020.02.19"]
[Round "7.36"]
[White "Palczert, Matyas"]
[Black "Stoleriu, George"]
[Result "0-1"]
[WhiteElo "2094"]
[BlackElo "2094"]
[Annotator "NA"]
[PlyCount "121"]
[EventDate "2020.02.14"]
[EventType "swiss"]
[EventCountry "AUT"]
[SourceTitle "playchess.com"]
[Source "ChessBase"]
[SourceQuality "1"]
[TimeControl "40/5400+30:1800+30"]

1. e4 {[%emt 0:00:00]} e6 {[%emt 0:00:00]} 2. d4 {[%emt 0:00:00]} d5 {[%emt 0:00:00]} 3. exd5 {[%emt 0:00:00]} exd5 {[%emt 0:00:00]} 4. Nf3 {[%emt 0:00:00]} Bd6 {[%emt 0:00:00]} 5. c4 {[%emt 0:00:04]} c6 {[%emt 0:01:07]} 6. Nc3 {[%emt 0:03:26]} Ne7 {[%emt 0:00:03]} 7. Bd3 {[%emt 0:06:57]} dxc4 {[%emt 0:03:22]} 8. Bxc4 {[%emt 0:00:08]} O-O {[%emt 0:00:06]} 9. O-O {[%emt 0:00:31]} Bg4 {[%emt 0:00:57]} 10. h3 {[%emt 0:00:58]} Bh5 {[%emt 0:00:08]} 11. g4 {[%emt 0:02:27]} Bg6 {[%emt 0:00:05]} 12. Ne5 {[%emt 0:01:51]} c5 {[%emt 0:31:19]} 13. Nxg6 {[%emt 0:03:57]} Nxg6 {[%emt 0:00:14]} 14. dxc5 {[%emt 0:01:19]} Bxc5 {[%emt 0:00:05]} 15. Qxd8 {[%emt 0:06:14]} Rxd8 {[%emt 0:00:01]} 16. Be3 {[%emt 0:00:58]} Bxe3 {[%emt 0:03:26]} 17. fxe3 {[%emt 0:00:09]} Ne5 {[%emt 0:00:25]} 18. Bd5 {[%emt 0:01:10]} Nbd7 {[%emt 0:03:12]} 19. Rf2 {[%emt 0:02:14]} Nc5 {[%emt 0:04:56]} 20. Raf1 {[%emt 0:02:50]} Rd7 {[%emt 0:01:12]} 21. e4 {[%emt 0:04:32]} Re8 {[%emt 0:07:14]} 22. Nb5 {[%emt 0:04:25]} b6 {[%emt 0:02:09]} 23. a3 {[%emt 0:07:21]} a6 {[%emt 0:07:56]} 24. Nc3 {[%emt 0:00:40]} h6 {[%emt 0:08:43]} 25. Rg2 {[%emt 0:03:53]} Ncd3 {[%emt 0:01:44]} 26. h4 {[%emt 0:04:09]} Rd6 {[%emt 0:10:10]} 27. g5 {[%emt 0:01:37]} h5 {[%emt 0:00:33]} 28. g6 {[%emt 0:00:48]} Re7 {[%emt 0:01:36]} 29. gxf7+ {[%emt 0:00:44]} Nxf7 {[%emt 0:00:48]} 30. Rd2 {[%emt 0:00:39]} Rg6+ {[%emt 0:01:45]} 31. Rg2 {[%emt 0:03:02]} Rd6 {[%emt 0:04:39]} 32. Rf5 {[%emt 0:03:31]} g6 {[%emt 0:02:21]} 33. Rf1 {[%emt 0:06:55]} Kg7 {[%emt 0:01:43]} 34. Ne2 {[%emt 0:04:53]} Rf6 {[%emt 0:01:31]} 35. Rxf6 {[%emt 0:02:34]} Kxf6 {[%emt 0:00:01]} 36. Bc4 {[%emt 0:00:44]} Nxb2 {[%emt 0:01:23]} 37. Bxa6 {[%emt 0:02:27]} Rxe4 {[%emt 0:01:44]} 38. Nc3 {[%emt 0:01:23]} Re1+ {[%emt 0:00:26]} 39. Kh2 {[%emt 0:00:41]} Nd1 {[%emt 0:00:46]} 40. Nd5+ {[%emt 0:00:23]} Kg7 {[%emt 0:01:34]} 41. Be2 {[%emt 0:33:59]} Kh6 {[%emt 0:10:05]} 42. Bxd1 {[%emt 0:00:00]} Rxd1 {[%emt 0:00:07]} 43. Nxb6 {[%emt 0:00:00]} Rd4 {[%emt 0:05:13]} 44. a4 {[%emt 0:00:00]} Rxh4+ {[%emt 0:00:05]} 45. Kg1 {[%emt 0:00:00]} Rb4 {[%emt 0:01:22]} 46. a5 {[%emt 0:00:00]} Rb1+ {[%emt 0:00:05]} 47. Kh2 {[%emt 0:00:00]} Ra1 {[%emt 0:00:08]} 48. Nc4 {[%emt 0:00:00]} Ra4 {[%emt 0:00:46]} 49. Rc2 {[%emt 0:00:00]} h4 {[%emt 0:01:09]} 50. Rf2 {[%emt 0:00:00]} Rxc4 {[%emt 0:01:36]} 51. Rxf7 {[%emt 0:00:00]} Ra4 {[%emt 0:00:23]} 52. Ra7 {[%emt 0:00:00]} Kh5 {[%emt 0:00:18]} 53. a6 {[%emt 0:00:00]} Kg4 {[%emt 0:00:31]} 54. Ra8 {[%emt 0:00:00]} Ra2+ {[%emt 0:00:12]} 55. Kg1 {[%emt 0:00:00]} Kg3 {[%emt 0:00:45]} 56. Kf1 {[%emt 0:00:00]} h3 {[%emt 0:02:32]} 57. Rb8 {[%emt 0:00:00]} Ra1+ {[%emt 0:00:20]} 58. Ke2 {[%emt 0:00:00]} h2 {[%emt 0:00:10]} 59. Rb3+ {[%emt 0:00:00]} Kg2 {[%emt 0:00:12]} 60. a7 {[%emt 0:00:00]} h1=Q {[%emt 0:00:32]} 61. Kd3 0-1

[Event "AUT-ch Open 2020"]
[Site "Graz"]
[Date "2020.02.20"]
[Round "8.1"]
[White "Livaic, Leon"]
[Black "Shevchenko, Kirill"]
[Result "1/2-1/2"]
[WhiteElo "2492"]
[BlackElo "2580"]
[Annotator "TA"]
[PlyCount "60"]
[EventDate "2020.02.14"]
[EventType "swiss"]
[EventCountry "AUT"]
[SourceTitle "playchess.com"]
[Source "ChessBase"]
[SourceQuality "1"]

{[%evp 18,60,17,0,0,-10,20,0,57,43,64,43,52,31,36,42,40,13,32,16,11,-29,-34,-39,-42,-61,0,0,0,0,0,0,14,28,24,23,44,0,52,53,43,14,14,8,8]} 1. d4 Nf6 2. c4 g6 3. Nc3 d5 4. cxd5 Nxd5 5. e4 Nxc3 6. bxc3 Bg7 7. Bc4 c5 8. Ne2 Nc6 9. Be3 O-O 10. h4 Qa5 {[#] And now ...cxd4 would win. D87: Exchange Grünfeld: Classical Line: Variations without ...cxd4.} 11. O-O {[#] is now debated instead of 11.Kf1.} a6 $146 ({Predecessor:} 11... Rd8 12. Qb3 e6 13. d5 exd5 14. Bxd5 Ne5 15. Rad1 c4 16. Qb1 Qc7 17. h5 Ng4 18. Bf4 {½-½ (30) Carlsen,M (2872)-Nepomniachtchi,I (2767) Moscow 2019}) 12. a4 Qc7 (12... cxd4 $11 13. cxd4 Qh5) 13. Rc1 (13. dxc5 Ne5 $11) 13... Rb8 14. h5 ({Reject} 14. dxc5 $6 Ne5 $11) 14... b5 15. axb5 axb5 16. Ba2 Ra8 17. Bd5 e6 18. Bxc6 Qxc6 19. e5 Rd8 20. Qe1 Ba6 ({Much weaker is} 20... gxh5 $6 21. f3 $14) 21. f3 b4 (21... Qb7 $15) 22. cxb4 $11 {h6 is the strong threat.} Qb5 {[%mdl 64] [#] Double Attack} 23. Rf2 Qxb4 24. Bd2 Qb7 25. h6 $36 {[%mdl 2048] White is pushing.} Bf8 26. dxc5 Rac8 27. Be3 (27. Bg5 $5 {[%cal Rg5d8]}) 27... Bxe2 (27... Qc7 $11) 28. Rxe2 $14 Rd5 29. c6 Rxc6 30. Rxc6 Qxc6 {Accuracy: White = 76%, Black = 78%.} 1/2-1/2

[Event "AUT-ch Open 2020"]
[Site "Graz"]
[Date "2020.02.20"]
[Round "8.1"]
[White "Zverev, Lev"]
[Black "Manush Shah"]
[Result "1/2-1/2"]
[WhiteElo "1914"]
[BlackElo "2322"]
[Annotator "NA"]
[PlyCount "101"]
[EventDate "2020.02.14"]
[EventType "swiss"]
[EventCountry "AUT"]
[SourceTitle "playchess.com"]
[Source "ChessBase"]
[SourceQuality "1"]
[TimeControl "40/5400+30:1800+30"]

1. e4 {[%emt 0:00:00]} c5 {[%emt 0:00:34]} 2. Nf3 {[%emt 0:00:00]} Nc6 {[%emt 0:00:10]} 3. d4 {[%emt 0:00:02]} cxd4 {[%emt 0:00:07]} 4. Nxd4 {[%emt 0:00:05]} Nf6 {[%emt 0:00:30]} 5. Nc3 {[%emt 0:00:07]} e5 {[%emt 0:00:05]} 6. Ndb5 {[%emt 0:00:05]} d6 {[%emt 0:00:07]} 7. Bg5 {[%emt 0:00:06]} a6 {[%emt 0:00:06]} 8. Na3 {[%emt 0:00:06]} b5 {[%emt 0:00:08]} 9. Bxf6 {[%emt 0:00:06]} gxf6 {[%emt 0:00:05]} 10. Nd5 {[%emt 0:00:04]} f5 {[%emt 0:00:09]} 11. g3 {[%emt 0:00:07]} Bg7 {[%emt 0:00:38]} 12. Bg2 {[%emt 0:00:07]} fxe4 {[%emt 0:00:52]} 13. Bxe4 {[%emt 0:01:06]} Be6 {[%emt 0:00:15]} 14. Qh5 {[%emt 0:01:16]} Rb8 {[%emt 0:02:33]} 15. O-O {[%emt 0:01:38]} h6 {[%emt 0:04:37]} 16. c3 {[%emt 0:08:55]} O-O {[%emt 0:01:58]} 17. Nc2 {[%emt 0:00:21]} f5 {[%emt 0:00:55]} 18. Bg2 {[%emt 0:00:28]} Ne7 {[%emt 0:03:01]} 19. Ncb4 {[%emt 0:01:39]} Nxd5 {[%emt 0:01:33]} 20. Nxd5 {[%emt 0:00:39]} Qd7 {[%emt 0:04:51]} 21. Qh4 {[%emt 0:05:41]} a5 {[%emt 0:12:29]} 22. Rfd1 {[%emt 0:12:30]} Kh7 {[%emt 0:19:40]} 23. Qe7 {[%emt 0:01:21]} Rf7 {[%emt 0:02:01]} 24. Qxd7 {[%emt 0:00:42]} Rxd7 {[%emt 0:00:30]} 25. Rd2 {[%emt 0:00:53]} Kg6 {[%emt 0:01:41]} 26. a4 {[%emt 0:00:44]} Kf7 {[%emt 0:03:28]} 27. Ne3 {[%emt 0:06:56]} e4 {[%emt 0:03:15]} 28. axb5 {[%emt 0:02:47]} Rxb5 {[%emt 0:00:17]} 29. Bf1 {[%emt 0:00:07]} Rc5 {[%emt 0:01:58]} 30. Nc2 {[%emt 0:01:19]} Be5 {[%emt 0:13:53]} 31. Nd4 {[%emt 0:00:19]} Rb7 {[%emt 0:00:22]} 32. Nxe6 {[%emt 0:05:14]} Kxe6 {[%emt 0:00:25]} 33. Ra4 {[%emt 0:05:19]} d5 {[%emt 0:03:08]} 34. f3 {[%emt 0:03:17]} Kf6 {[%emt 0:08:00]} 35. f4 {[%emt 0:01:05]} Bc7 {[%emt 0:01:53]} 36. Kf2 {[%emt 0:00:38]} Bb6 {[%emt 0:01:59]} 37. Ke1 {[%emt 0:00:05]} Rd7 {[%emt 0:01:31]} 38. Rad4 {[%emt 0:00:42]} Ke6 {[%emt 0:04:18]} 39. c4 {[%emt 0:01:33]} Rxc4 {[%emt 0:01:16]} 40. Rxc4 {[%emt 0:00:32]} dxc4 {[%emt 0:00:07]} 41. Bxc4+ {[%emt 0:30:05]} Ke7 {[%emt 0:30:07]} 42. Rxd7+ {[%emt 0:00:06]} Kxd7 {[%emt 0:00:03]} 43. h3 {[%emt 0:00:30]} Bc7 {[%emt 0:00:09]} 44. Ke2 {[%emt 0:00:15]} Ke7 {[%emt 0:00:23]} 45. b3 {[%emt 0:00:07]} Kf6 {[%emt 0:00:21]} 46. Ke3 {[%emt 0:00:23]} Bb6+ {[%emt 0:00:09]} 47. Ke2 {[%emt 0:00:05]} Bd4 {[%emt 0:00:21]} 48. Bg8 {[%emt 0:00:18]} Bb6 {[%emt 0:00:13]} 49. Bc4 {[%emt 0:00:08]} Bd4 {[%emt 0:00:15]} 50. Bg8 {[%emt 0:00:05]} Bb6 {[%emt 0:00:02]} 51. Bc4 {[%emt 0:00:06]} 1/2-1/2

[Event "AUT-ch Open 2020"]
[Site "Graz"]
[Date "2020.02.20"]
[Round "8.2"]
[White "Meshkovs, Nikita"]
[Black "Vorobiov, Evgeny E."]
[Result "1/2-1/2"]
[WhiteElo "2566"]
[BlackElo "2520"]
[Annotator "TA"]
[PlyCount "89"]
[EventDate "2020.02.14"]
[EventType "swiss"]
[EventCountry "AUT"]
[SourceTitle "playchess.com"]
[Source "ChessBase"]
[SourceQuality "1"]

{[%evp 16,89,23,17,25,0,0,-10,-14,-12,-9,-23,-6,-44,-31,-56,-48,-51,-51,-50,-49,-68,-75,-63,-3,-7,0,0,0,0,0,0,0,-8,0,0,0,0,0,0,0,0,0,0,0,0,0,-9,-8,-18,-10,-8,-10,-15,-10,-29,-45,-49,-5,-3,-4,-3,0,0,21,21,21,21,21,21,21,21,21,21,21,9]} 1. c4 e5 2. Nc3 Nc6 3. g3 f5 4. Bg2 Nf6 5. d3 Bb4 6. Bd2 O-O 7. a3 Bxc3 8. Bxc3 d6 9. Nf3 Qe8 {A25: English Opening vs King's Indian with ...Nc6 but without early d3.} 10. e3 f4 {[#]} 11. gxf4 $146 ({Predecessor:} 11. O-O Qh5 12. Qd2 Bg4 13. Qe2 e4 14. dxe4 Nxe4 15. exf4 Nxc3 16. bxc3 Qc5 17. Qd3 {1-0 (27) Barlage,T (2007)-Ullmann,S Dresden 2009}) 11... exf4 12. Qe2 Bg4 13. O-O-O Ne5 14. Rde1 Nfd7 15. d4 Bxf3 16. Bxf3 Nxf3 17. Qxf3 fxe3 18. Qxb7 Rxf2 19. Rhg1 Rb8 (19... g6 $15 20. Rg3 Nb6 21. Rgxe3 Qa4) 20. Qd5+ $11 Qf7 21. Qxf7+ $1 Kxf7 22. Rxe3 Nf6 23. Reg3 g6 24. R3g2 $132 {[%mdl 2048] White puts up resistance} Rxg2 (24... Rf3 {keeps more tension.} 25. Re1 Re8 26. Rxe8 Kxe8 27. d5 Ng8) 25. Rxg2 {[%mdl 4096] Endgame KRB-KRN} d5 26. Rf2 Ke6 27. cxd5+ Nxd5 28. Kc2 g5 29. Bd2 h6 30. Rf3 Rg8 31. Kd3 h5 32. Rf2 h4 33. Re2+ Kd6 34. Re5 g4 35. Ke4 c6 {[#] aiming for ...g3.} 36. Bg5 g3 (36... Rh8 $5 {[%cal Rg4g3]} 37. Bf4 Kd7 $11) 37. hxg3 {The position is equal.} hxg3 {( -> ...g2)} 38. Kf3 c5 39. Ke4 cxd4 40. Rxd5+ {[%mdl 64] [#] Double Attack. KRB-KR} Kc6 {Strongly threatening ...g2.} 41. Kxd4 {Black must now prevent Be3.} g2 42. Rc5+ $1 Kb6 43. Be3 {Hoping for Bg1.} g1=Q 44. Bxg1 Rxg1 45. Rc2 {Accuracy: White = 90%, Black = 93%.} 1/2-1/2

[Event "AUT-ch Open 2020"]
[Site "Graz"]
[Date "2020.02.20"]
[Round "8.2"]
[White "Nomin-Erdene, Davaademberel"]
[Black "Klings, Peter"]
[Result "1-0"]
[WhiteElo "2417"]
[BlackElo "2154"]
[Annotator "TA"]
[PlyCount "75"]
[EventDate "2020.02.14"]
[EventType "swiss"]
[EventCountry "AUT"]
[SourceTitle "playchess.com"]
[Source "ChessBase"]
[SourceQuality "1"]

{[%evp 20,81,0,0,0,-7,0,-20,0,0,0,-18,0,0,0,0,46,-88,0,-34,0,-70,-60,-55,-25,-35,-14,-26,0,0,0,0,70,29,91,102,119,112,124,112,124,126,124,121,107,38,33,21,34,27,35,33,121,-32,16,17,14,-29,0,0,0,-74,631,697]} 1. e4 e6 2. d4 d5 3. e5 c5 4. c3 Nc6 5. Nf3 Bd7 6. Be2 Qb6 7. O-O Rc8 8. b3 Nh6 9. Na3 cxd4 10. cxd4 Nf5 11. Nc2 Nb4 {C02: French: Advance Variation.} 12. Ne3 Nxe3 13. fxe3 {[#]} Nc2 $146 {The position is equal.} ({Predecessor:} 13... Be7 14. Ne1 Bb5 15. Bxb5+ Qxb5 16. a3 Nc6 17. Nd3 Na5 18. b4 Rc3 19. Nf4 Nb3 {1-0 (27) Kalezic,B (2457)-Draganic,V (2286) Tivat 2011}) 14. Rb1 Be7 15. b4 Ba4 16. Bd3 O-O 17. Bd2 Rc7 18. Kh1 (18. b5 $14) 18... a6 (18... Bb5 $17 19. Qe2 a6) 19. Rb2 {[%cal Rd3c2]} Rfc8 20. Ng1 (20. Ne1 $11 Nxe1 21. Bxh7+ $1 {[%mdl 512]} Kxh7 22. Qh5+ {[%mdl 64] Double Attack} Kg8 23. Qxf7+ Kh8 24. Qh5+ Kg8 25. Qf7+ Kh8 26. Qh5+ Kg8 27. Qf7+) 20... g6 21. Qf3 Be8 22. Rb3 Bg5 23. Rf2 Qa7 24. Nh3 Bh6 25. Nf4 b6 (25... Bb5 $11) 26. Qg4 Bg7 {[#]} (26... Bb5 $1 $11) 27. h4 $1 $16 b5 28. h5 {[%cal Rh5g6]} Nxd4 {Strongly threatening ...Rc1+!} 29. exd4 Qxd4 {[%mdl 64] Double Attack} 30. Rf1 Qxe5 31. hxg6 hxg6 32. Re1 (32. Qh4 $16) 32... Qd4 $14 33. Qf3 Qf6 34. Qg3 Rc6 35. Rf1 {Threatens to win with Nxg6.} Qe5 (35... Qe7 $14) 36. Qf3 $2 (36. Qh4 $16 {And now Bxg6! would win.} f5 37. g4) 36... R8c7 37. Re1 $36 {[%mdl 2048] White has some pressure.} Qf6 38. Qg4 {Played: Nf4xd5} 1-0

[Event "AUT-ch Open 2020"]
[Site "Graz"]
[Date "2020.02.20"]
[Round "8.3"]
[White "Socko, Bartosz"]
[Black "Gavrilescu, David"]
[Result "1/2-1/2"]
[WhiteElo "2619"]
[BlackElo "2455"]
[Annotator "TA"]
[PlyCount "60"]
[EventDate "2020.02.14"]
[EventType "swiss"]
[EventCountry "AUT"]
[SourceTitle "playchess.com"]
[Source "ChessBase"]
[SourceQuality "1"]

{[%evp 11,60,20,18,0,7,0,0,0,0,0,18,0,0,0,0,-8,0,0,0,0,4,8,8,0,0,0,0,0,0,0,0,0,14,0,0,-12,-11,-16,-10,-13,-16,-24,-25,-22,0,-84,-70,-150,0,-63,0]} 1. d4 Nf6 2. c4 e6 3. g3 d5 4. Bg2 dxc4 5. Nf3 a6 6. O-O Nc6 7. Nbd2 {E04: Open Catalan: 5 Nf3.} b5 8. Ne5 {8.Ne5 has lost popularity.} Nxe5 9. Bxa8 {The position is equal.} Qxd4 10. Ne4 Qxd1 11. Nxf6+ gxf6 12. Rxd1 Bc5 13. Bf4 Ke7 14. Bxe5 fxe5 15. Bc6 {[#]} Rd8 $146 ({Predecessor:} 15... Bd4 16. Rab1 b4 17. e3 c3 18. Be4 c5 19. exd4 exd4 20. bxc3 dxc3 21. a3 a5 22. axb4 axb4 {1-0 (35) Hobaica,J (2306)-Garcia Palermo,C (2470) Pinamar 2001}) 16. Rxd8 Kxd8 $11 {[%mdl 4096] Endgame KRB-KB} 17. Rc1 Bd7 18. Bxd7 Kxd7 {KR-KB} 19. Kf1 e4 20. e3 Bd6 21. Ke2 Be5 22. Rc2 a5 {[%cal Ba6a5,Ba5a4][%mdl 32]} 23. Kd1 a4 24. Kc1 f5 25. Rd2+ Ke7 26. Kb1 h5 27. Rd1 Bf6 28. h4 (28. Rc1 $11) 28... Be5 $17 29. Rd2 (29. Kc2 $15) 29... Bf6 (29... c3 $17 30. Rc2 b4) 30. Rd1 $15 Be5 {Accuracy: White = 86%, Black = 89%.} (30... c5 $15) 1/2-1/2

[Event "AUT-ch Open 2020"]
[Site "Graz"]
[Date "2020.02.20"]
[Round "8.3"]
[White "Ragger, Anna-Christina"]
[Black "Freitag, Manfred"]
[Result "1-0"]
[WhiteElo "2205"]
[BlackElo "2378"]
[Annotator "TA"]
[PlyCount "139"]
[EventDate "2020.02.14"]
[EventType "swiss"]
[EventCountry "AUT"]
[SourceTitle "playchess.com"]
[Source "ChessBase"]
[SourceQuality "1"]

{[%evp 11,139,-2,12,14,25,12,16,14,14,0,0,0,0,0,8,12,16,28,25,0,0,12,88,69,57,59,44,17,21,19,14,4,22,15,16,23,25,10,49,43,46,41,47,39,43,47,44,9,24,24,46,45,49,53,70,62,87,87,87,87,87,87,87,87,87,87,87,87,87,87,112,111,111,110,112,110,96,110,89,63,63,63,63,63,63,34,34,34,34,34,31,31,31,31,34,34,34,34,34,34,34,34,34,34,34,34,34,34,34,34,34,34,34,34,34,34,34,34,34,34,34,34,46,41,12844,12844,12850,29963,12851,27999]} 1. d4 Nf6 2. c3 d5 3. Bf4 e6 4. e3 c5 5. Nd2 Nc6 6. Ngf3 cxd4 7. exd4 {D02: 1 d4 d5 2 Nf3 sidelines, including 2...Nf6 3 g3 and 2...Nf6 3 Bf4.} Nh5 8. Be3 Bd6 9. Ne5 {The position is equal.} g6 10. g4 Ng7 11. h4 Nxe5 12. dxe5 Bxe5 13. h5 {And now h6 would win.} gxh5 14. Nf3 Bd6 15. Bh6 Rg8 $1 {[#]} 16. Bd3 $146 ({Predecessor:} 16. Qd3 f5 17. Bxg7 hxg4 18. Bd4 gxf3 19. Qxf3 Qe7 20. Qh5+ Kd8 21. Qxh7 Qxh7 22. Rxh7 {½-½ (35) Parkhov,Y (2331)-Klauner,T (2032) Porto Carras 2018}) 16... f5 (16... e5 $11) 17. gxf5 Nxf5 18. Bxf5 ({But not} 18. Rxh5 Nxh6 19. Rxh6 Rg7 $11) 18... exf5 19. Qxd5 Qe7+ 20. Kd2 Be6 21. Qb5+ Qd7 22. Qxd7+ Kxd7 23. Rxh5 f4 24. Bg5 Raf8 25. Rxh7+ Rf7 26. Rah1 Bxa2 27. Rxf7+ Bxf7 28. Rh7 Ke8 {Hoping for ...Bd5.} 29. Bf6 Bd5 30. Ne5 Bxe5 31. Re7+ Kf8 32. Rxe5 $14 {[%mdl 4096] Endgame KRB-KRB} Bc6 33. Rf5 f3 34. Bd4+ Ke7 35. Bxa7 Ke6 36. Rh5 Ra8 37. Bd4 b5 38. Rh6+ Kd7 39. Kd3 Ra2 40. b4 Re2 {[%csl Ge2][%cal Rc6e4]} 41. Be3 Bd5 42. Kd4 Bc4 43. Rf6 Re1 44. Rxf3 Rd1+ 45. Kc5 Rd5+ 46. Kb6 Rd6+ 47. Ka5 Rd3 48. Rh3 Rxc3 49. Kb6 Rd3 50. Rh7+ Ke6 51. Rh6+ Ke5 52. Rh5+ Ke6 53. Bc5 Rf3 54. Kc6 Rf5 55. Rh8 Rf6 56. Bd4 Rf4 57. Be3 Rf5 58. f4 Kf7 59. Bc5 Rf6+ 60. Bd6 Kg6 61. Kc5 Kf5 62. Be5 Rf7 63. Rb8 Ke4 64. Rd8 Kf5 65. Rd4 Be2 66. Bd6 Kg4 67. Rd2 Kf3 $2 {[%mdl 8192] [#]} (67... Bc4 $14) 68. Rxe2 $1 $18 {[%mdl 512]} Kxe2 69. Kxb5 Kd3 70. Kc6 {Accuracy: White = 94%, Black = 86%.} 1-0

[Event "AUT-ch Open 2020"]
[Site "Graz"]
[Date "2020.02.20"]
[Round "8.4"]
[White "Martinez Alcantara, Jose Eduardo"]
[Black "Janzelj, Tim"]
[Result "1-0"]
[WhiteElo "2617"]
[BlackElo "2451"]
[Annotator "TA"]
[PlyCount "95"]
[EventDate "2020.02.14"]
[EventType "swiss"]
[EventCountry "AUT"]
[SourceTitle "playchess.com"]
[Source "ChessBase"]
[SourceQuality "1"]

{[%evp 9,95,-12,-11,-18,-6,-7,0,-48,-60,-48,-50,-50,-47,-77,-75,-92,-95,-107,-80,-99,-93,-97,-75,-79,-78,-108,-108,-107,-108,-126,-115,-115,-95,-94,-47,-47,-47,-48,0,-38,0,-16,10,10,10,4,10,0,76,-2,0,-8,-9,-21,82,70,221,295,358,350,348,308,285,237,262,154,228,145,411,299,400,401,361,358,493,477,450,430,478,439,512,550,696,690,1483,1440,1196,1152]} 1. e4 c6 2. Nf3 d5 3. d3 Bg4 4. Qe2 e6 5. Nbd2 Nd7 6. h3 {B10: Caro-Kann: 2 d3 and 2 c4.} Bh5 {[#]} 7. g4 $146 ({Predecessor:} 7. g3 Bd6 8. Bg2 Ne7 9. O-O O-O 10. Re1 Kh8 11. Qf1 c5 12. c3 Rc8 13. a4 h6 14. exd5 exd5 15. d4 Bg6 16. Kh2 Qc7 17. dxc5 Nxc5 {0-1 (49) Antipov,M (2558)-Suleymanli,A (2429) Budva 2019}) 7... Bg6 8. h4 {And now h5 would win.The position is equal.} h5 9. g5 Bd6 10. Bh3 Ne7 11. e5 Bc7 12. Nf1 Ba5+ (12... O-O {is more complex.} 13. Ng3 c5 14. O-O Qb8 15. Re1 Nc6) 13. Bd2 Bxd2+ 14. N1xd2 Qa5 15. a3 c5 16. O-O Qc7 17. Qe3 Bf5 18. Bg2 Bg4 19. Rfe1 Nf5 20. Qf4 Nf8 21. Qa4+ Qc6 22. Qxc6+ bxc6 23. b4 Bxf3 24. Nxf3 cxb4 25. Bh3 bxa3 (25... b3 $5) 26. Bxf5 $1 exf5 27. Nd4 Ne6 28. Nxf5 Kd7 (28... g6 $11 29. Nd6+ Kd7) 29. c3 ({White should try} 29. Rxa3 $16 g6 30. Ne3) 29... g6 $11 30. Nd6 Rhb8 {aiming for ...Rb3.} 31. Rxa3 Nc5 {[#]} (31... d4 $11 {remains equal.}) 32. d4 $1 $16 {[%cal Rd4c5]} Nb7 $2 (32... Rb3 $1 $14 33. Ra2 Ne4) 33. Nxf7 $18 Ke6 34. Nh6 Nd8 35. Re3 a5 36. Ra4 Nb7 37. Kg2 ({Better is} 37. f4 $18) 37... c5 (37... Rf8 $16 38. Kg3 c5) 38. Kg3 Rc8 $2 {[%mdl 8192] This move loses the game for Black.} (38... Rf8 $16 {is a better defense.} 39. Re1 cxd4 40. cxd4 Nd8) 39. Ra3 Nd8 {[#]} 40. Rf3 $1 cxd4 41. cxd4 Ke7 42. Ng8+ {White is clearly winning.} Kd7 43. Rf8 a4 44. Nf6+ Kc6 45. Re8 Rcb8 {White should prevent ...Rb3+.} 46. e6 Nb7 47. Rxb8 {[%mdl 64] Overworked Piece} Rxb8 48. Rxa4 {Accuracy: White = 74%, Black = 47%.} 1-0